000
00297nam a22001337a 4500
008
180123b xxu||||| |||| 00| 0 eng d
020
_a
9780787657512
041
_a
eng
080
_a
338
100
_a
53
101
_a
man
245
_a
gale e comerce sourcebook
_c
baker.j
942
_2
udc
_c
BK
999
_c
40803
_d
40803